<?xml version="1.0" encoding="UTF-8"?>
<collection xmlns="http://www.loc.gov/MARC21/slim">
    <record>
        <controlfield tag="001">7146</controlfield>
        <controlfield tag="005">20150325135934.0</controlfield>
        <datafield tag="037" ind1=" " ind2=" ">
            <subfield code="a">TAZ-TFG-2012-017</subfield>
        </datafield>
        <datafield tag="041" ind1=" " ind2=" ">
            <subfield code="a">spa</subfield>
        </datafield>
        <datafield tag="100" ind1="1" ind2=" ">
            <subfield code="a">Benedé Ubieto, Pablo</subfield>
        </datafield>
        <datafield tag="245" ind1="0" ind2="0">
            <subfield code="a">Plan de Educación Sanitaria en el paciente pedíatrico de 8 a 14 años con diabetes mellitus</subfield>
        </datafield>
        <datafield tag="260" ind1=" " ind2=" ">
            <subfield code="a">Zaragoza</subfield>
            <subfield code="b">Universidad de Zaragoza</subfield>
            <subfield code="c">2012</subfield>
        </datafield>
        <datafield tag="506" ind1=" " ind2=" ">
            <subfield code="a">by-nc-sa</subfield>
            <subfield code="b">Creative Commons</subfield>
            <subfield code="c">3.0</subfield>
            <subfield code="u">http://creativecommons.org/licenses/by-nc-sa/3.0/</subfield>
        </datafield>
        <datafield tag="520" ind1=" " ind2=" ">
            <subfield code="a">Cuando se diagnostica diabetes mellitus a un niño, la noticia suele convertirse en un duro golpe tanto como a la familia como al propio paciente. Los niños con diabetes y sus padres o familiares suelen sentirse desbordados por la cantidad de conocimientos necesarios para controlar la enfermedad de manera eficaz.  La educación  sanitaria es un componente esencial del tratamiento del diabético, y la consulta de enfermería del centro de salud es el lugar más adecuado para realizarla. En ella se proporciona al paciente y a sus padres o familiares los conocimientos suficientes sobre la enfermedad, su tratamiento y las posibles complicaciones. La enfermera realiza esta enseñanza de forma dinámica y abierta, de forma que la familia y el paciente puedan asimilar los conocimientos proporcionados y puedan plantear a los profesionales sanitarios aquellas dudas o preocupaciones a cerca de la enfermedad o de la adaptación a la nueva condición de salud.  Además de la educación se hace necesario una evaluación de las actividades llevadas a cabo por parte de los profesionales de enfermería, por ello una vez llevado a cabo el plan de educación sanitaria es imprescindible efectuar un seguimiento de la evolución del paciente, para reconducir posibles conductas erróneas y servir de apoyo profesional tanto del paciente como de la familia.</subfield>
        </datafield>
        <datafield tag="521" ind1=" " ind2=" ">
            <subfield code="a">Graduado en Enfermería</subfield>
        </datafield>
        <datafield tag="540" ind1=" " ind2=" ">
            <subfield code="a">Derechos regulados por licencia Creative Commons</subfield>
        </datafield>
        <datafield tag="653" ind1="1" ind2=" ">
            <subfield code="a">diabetes infantil</subfield>
        </datafield>
        <datafield tag="700" ind1=" " ind2=" ">
            <subfield code="a">Orduna Onco, Ángel</subfield>
            <subfield code="e">dir.</subfield>
        </datafield>
        <datafield tag="710" ind1="2" ind2=" ">
            <subfield code="a">Universidad de Zaragoza</subfield>
            <subfield code="b"> </subfield>
            <subfield code="c"></subfield>
        </datafield>
        <datafield tag="856" ind1="0" ind2=" ">
            <subfield code="f">593454@celes.unizar.es</subfield>
        </datafield>
        <datafield tag="856" ind1="4" ind2=" ">
            <subfield code="s">211671</subfield>
            <subfield code="u">http://zaguan.unizar.es/record/7146/files/TAZ-TFG-2012-017.pdf</subfield>
            <subfield code="y">Memoria (spa)</subfield>
        </datafield>
        <datafield tag="909" ind1="C" ind2="O">
            <subfield code="o">oai:zaguan.unizar.es:7146</subfield>
            <subfield code="p">trabajos-fin-grado</subfield>
            <subfield code="p">driver</subfield>
        </datafield>
        <datafield tag="950" ind1=" " ind2=" ">
            <subfield code="a"></subfield>
        </datafield>
        <datafield tag="980" ind1=" " ind2=" ">
            <subfield code="a">TAZ</subfield>
            <subfield code="b">TFG</subfield>
            <subfield code="c">ENFHUES</subfield>
        </datafield>
    </record>

    
</collection>